000 00629nam a2200253Ia 4500
005 20260121114054.0
008 008 260114s9999 xx 000 0 eng d
020 _a9781118638330
037 _aEBOOK
040 _aCRL
040 _beng
040 _cCRL
041 _2eng
041 _aeng
084 _qCRL
100 _aChoudhry
_9970519
245 0 _aFixed Income Markets, Second Edition: Management, Trading and Hedging
260 _bWiley
260 _c2014
856 _uhttps://onlinelibrary.wiley.com/doi/book/10.1002/9781118638330
942 _cEBOOK
999 _c1549773
_d1549773